Las décadas oscuras
| Main Author: | |
|---|---|
| Format: | Section = Libro |
| Language: | Undetermined Spanish |
| Published: |
Buenos Aires
Infinito
1960
|
| Subjects: |
| LEADER | 00432nam a2200169Ia 4500 | ||
|---|---|---|---|
| 008 | 240829s9999 xx 000 0 und d | ||
| 040 | |a BIBLIOTECA-RUSB/ 720.9 M962 | ||
| 041 | |a spa | ||
| 082 | |a 720.9 M962 | ||
| 100 | 1 | |a Mumford, Lewis | |
| 245 | 1 | 0 | |a Las décadas oscuras |
| 260 | |a Buenos Aires |b Infinito |c 1960 | ||
| 300 | |a 223 p. :il. | ||
| 650 | 7 | |a ARQUITECTURA-ESTADOS UNIDOS-HISTORIA | |
| 942 | |c BK |2 ddc | ||
| 991 | |a TEXTO | ||
| 999 | |c 5063 | ||